[Event "Landsturneringen 2013"]
[Site "Lillehammer, Oppland NOR"]
[Date "2013.07.05"]
[Round "8"]
[White "Røsok, Leiv"]
[Black "Garmark, Vegard"]
[Result "1-0"]
[WhiteElo "1051"]
[BlackElo "1182"]
[Annotator "Lea, Per"]
[PlyCount "89"]
[EventDate "2013.06.29"]

1. e4 c5 2. Nf3 d6 3. d4 cxd4 4. Nxd4 e5 ({Mer vanlig er vel} 4... Nf6 5. Nc3
a6 {og svart kan håpe på å gjennomføre det som i følge R. Fine: "The Ideas
behind the Chess Openings" er svarts mål i Siciliansk, nemlig å få spilt
d-bonden til d5.}) 5. Nf3 ({Legg merke til at "Lea/Furnes-varianten"} 5. Nb5 {
ikke er noe fornuftig alternativ her: springertrekket truer jo ingenting}) 5...
Nf6 6. Nc3 Be7 7. h3 {Ikke lett å finne noen plan bak dette trekket.
Offiserene skal utvikles, og så skal det rokeres. Til hvilken side avhenger av
smak og behag: Selv rokerer jeg langt i ca. 95% av mine sicilianske partier,
og så blir det gjerne et kappløp mellom hvits bønder på kongefløyen og svarts
bøndere på dronningfløyen.Men for de mer forsiktige er det kanskje like greit
å rokere til samme side som svart, det vil nesten alltid si kort rokade.} Nc6
8. a3 {Heller ikke dette skjønner jeg poenget med.} ({
Mer naturlig er eksempelvis} 8. Bc4 Be6 9. Bb3 O-O $14) 8... O-O 9. Bd3 Be6 {
Denne står muligens bedre på d7, men planen er kanskje nettopp å gjennomføre
d6-d5? Problemet med det, er at hvit kan spille springeren til g5.} 10. O-O Qd7
(10... d5 11. exd5 (11. Ng5 d4 12. Nxe6 fxe6 13. Ne2 $11) 11... Nxd5 12. Nxd5
Qxd5 $11) ({Også} 10... h6 {er en mulighet her}) 11. Ng5 ({
Springeren er allerde utviklet, så det er kanskje mer naturlig med trekk som:} 
11. Qe2 a6 12. Be3) ({eller} 11. Be3 Rac8 12. Qd2) 11... Rad8 $2 {Hører ikke
heller hjemme i c-linja? Hvis svart vil spille d6-d5, kan han gjøre det med en
gang.} (11... h6 12. Nxe6 fxe6 13. Bc4 {
og nå gir det mening å sette et tårn i d-linja for å få spilt d6-d5:} Rad8 14.
Ba2 d5 {og svart står helt greit.}) 12. Nxe6 $2 (12. Nd5 h6 (12... Nxd5 $2 13.
exd5 Bxg5 14. Bxg5 Bxd5 15. Bxd8 Rxd8 16. Bxh7+ Kxh7 17. Qxd5 {
og hvit bør vinne}) 13. Nxe6 fxe6 14. Nxf6+ Rxf6 $11) 12... Qxe6 $2 (12... fxe6
13. Bg5 d5 {og svart har ingenting å frykte}) 13. Qe2 (13. Nd5 {
kan trygt spilles, på grunn av} Nxd5 $4 14. exd5 Qxd5 15. Bxh7+ {1-0}) 13...
Nd4 14. Qe3 d5 {Endelig!} 15. exd5 Nxd5 16. Nxd5 Qxd5 (16... Rxd5 17. c3 Nb3
18. Rb1 (18. Bc4 $4 Nxa1 19. Bxd5 Qxd5 {0-1}) 18... Rd7 {
og selv om hvit har løperparet, står svart fremdeles brukbart.}) 17. b3 $2 (17.
Re1 Bf6 18. Qe4 {og hvit begynner å få et visst initiativ}) 17... Kh8 $2 ({
Svart griper ikke sjansen!} 17... Nxb3 18. Be4 (18. Bxh7+ Kxh7 19. cxb3 Bc5 20.
Qe2 Qxb3 21. Qxe5 b6 {er en ørliten fordel for svart}) (18. cxb3 $2 Qxd3 19.
Qxa7 Qxb3 20. Be3 Ra8 21. Rfb1 Qxb1+ 22. Rxb1 Rxa7 23. Bxa7 Bxa3 24. Rxb7 Rc8 {
er litt bedre for svart}) 18... Qd4 19. Bxh7+ Kxh7 20. Qxb3 Qd5 {
og svart har en litt bedre bondestilling: 2 bondeøyer mot hvits 3}) 18. Bb2
Nxb3 $4 {Overser hvits enkle svar} (18... Bc5 {bør holde svart inne i spillet})
19. Be4 $1 {vinner offiser og partiet} Bc5 20. Bxd5 ({Bedre enn} 20. cxb3 Bxe3
21. Bxd5 Rxd5 22. fxe3 f6 {som også er vinststilling for hvit}) 20... Bxe3 21.
Bxb3 Bd4 22. Bxd4 Rxd4 23. Rad1 g6 24. Rxd4 exd4 25. Rd1 Rd8 26. Bxf7 Kg7 27.
Bc4 Kf6 28. c3 dxc3 $1 {Småfikst! Men beklageligvis holder hvit hodet kaldt.}
29. Rc1 (29. Rxd8 $2 c2 30. Rf8+ Kg5 $19 31. Kh2 c1=Q {
kan virke katastrofalt, men det er slett ikke trivielt å vinne det for svart!}
32. Bg8 Kh5 (32... Kh6 33. Rf7) 33. Rf7 (33. Bxh7 Qc7+)) 29... Rc8 30. Rxc3 Ke5
31. Re3+ Kd4 32. Be6 Re8 33. Re1 Kc5 34. Rc1+ Kd6 35. Bc8 Re7 36. g4 b6 37. Kg2
g5 38. Kg3 h6 39. h4 Re2 40. hxg5 hxg5 41. Rc3 Kd5 42. Re3 Rxe3+ {Egentlig skal
ikke svart bytte ut i en materiell underlegen stilling, men alternativene er
enda verre:} (42... Rc2 43. Bf5 Rc7 44. f4 gxf4+ 45. Kxf4 {og alt er over}) 43.
fxe3 Ke4 44. Kf2 b5 45. Ba6 1-0

[Event "Landsturneringen 2013"]
[Site "Lillehammer, Oppland NOR"]
[Date "2013.07.05"]
[Round "8"]
[White "Høva, Frode"]
[Black "Lie, Gunnar"]
[Result "1-0"]
[WhiteElo "1571"]
[BlackElo "1671"]
[PlyCount "47"]
[EventDate "2013.06.29"]

1. d4 d5 2. Nf3 Nf6 3. g3 g6 4. Bg2 Bg7 5. O-O O-O 6. c4 e6 7. Nc3 c6 8. Qc2
Na6 9. b3 Bd7 10. Bb2 Rc8 11. Rad1 Qc7 12. e4 Nb4 13. Qe2 Nxe4 14. Nxe4 dxe4
15. Qxe4 Nxa2 16. h4 Rfd8 17. h5 f5 18. Qh4 Be8 19. h6 Bh8 20. Rfe1 Bf7 21. Ne5
Nb4 22. d5 cxd5 23. cxd5 Be8 24. Qxb4 1-0

[Event "Landsturneringen 2013"]
[Site "Lillehammer, Oppland NOR"]
[Date "2013.07.05"]
[Round "8"]
[White "Moberg, Jan Rune"]
[Black "Sørjordet, Anders"]
[Result "0-1"]
[WhiteElo "1538"]
[BlackElo "1586"]
[PlyCount "94"]
[EventDate "2013.06.29"]

1. d4 Nf6 2. Bg5 d5 3. e3 e6 4. Bd3 Nbd7 5. Nd2 Be7 6. Ngf3 O-O 7. O-O c5 8. c3
b6 9. Rc1 Bb7 10. Re1 Rc8 11. Qa4 Bc6 12. Bb5 Bxb5 13. Qxb5 Re8 14. Qd3 Qc7 15.
b4 Qb7 16. b5 c4 17. Qb1 Bd6 18. e4 dxe4 19. Nxe4 Nxe4 20. Rxe4 Nf8 21. Rce1
Ng6 22. h4 h6 23. Bd2 Ne7 24. Qd1 Nd5 25. Ne5 Bxe5 26. Rxe5 Kh8 27. g4 Qd7 28.
Qe2 Ne7 29. h5 Ng8 30. g5 f6 31. gxf6 Nxf6 32. Qf3 Qf7 33. Qh3 Rcd8 34. f4 Rd5
35. Rxd5 exd5 36. Re5 Ne4 37. Rf5 Qe7 38. Re5 Qd8 39. Be1 Rf8 40. Bh4 Qd6 41.
Be7 Qb8 42. Bxf8 Qxf8 43. f5 Qa3 44. Re8+ Kh7 45. f6 Qc1+ 46. Qf1 Qe3+ 47. Kh2
Qg3+ 0-1

[Event "Landsturneringen 2013"]
[Site "Lillehammer, Oppland NOR"]
[Date "2013.07.06"]
[Round "9"]
[White "Lie, Gunnar"]
[Black "Moberg, Jan Rune"]
[Result "1-0"]
[WhiteElo "1671"]
[BlackElo "1538"]
[PlyCount "67"]
[EventDate "2013.06.29"]

1. d4 d6 2. e4 Nd7 3. Nf3 e5 4. Bc4 c6 5. O-O Be7 6. Nc3 Ngf6 7. h3 O-O 8. Be3
Qc7 9. Bb3 a6 10. a4 b6 11. Qe2 Rb8 12. Rfd1 c5 13. dxe5 dxe5 14. Bc4 Ra8 15.
Rd2 h6 16. Bd5 Rb8 17. Rad1 Re8 18. Nh4 b5 19. axb5 axb5 20. Nxb5 Qa5 21. c4
Nxd5 22. Rxd5 Bxh4 23. Rxd7 Bxd7 24. Rxd7 Rbd8 25. Ra7 Qb6 26. Qh5 Qf6 27. Nc7
Qb6 28. Nxe8 Qxa7 29. Nxg7 Bf6 30. Nf5 Bg7 31. Bxh6 Bxh6 32. Qxh6 f6 33. Qg6+
Kf8 34. Qxf6+ 1-0

[Event "Landsturneringen 2012"]
[Site "Sandefjord, Vestfold NOR"]
[Date "2012.07.07"]
[Round "1"]
[White "Lie, Gunnar"]
[Black "Høva, Frode"]
[Result "0-1"]
[WhiteElo "1630"]
[BlackElo "1533"]
[Annotator "Høva, Frode"]
[PlyCount "110"]
[EventDate "2012.07.07"]
[WhiteTeam "Porsgrunn"]
[BlackTeam "Follo"]

1. d4 Nf6 2. f3 d5 3. e4 dxe4 4. Nc3 exf3 {
vinner bonde men svart har utvikling..} 5. Nxf3 e6 6. Bg5 Be7 7. Bd3 Nc6 8. O-O
{kunne sått på d4, men så bare Lb5 og offiser tap.} Nb4 9. Kh1 Nxd3 10. Qxd3 b6
11. Ne5 Bb7 12. Qb5+ c6 13. Nxc6 Qd7 {d5} 14. Ne5 Qxb5 15. Nxb5 Rc8 16. Nc3 h6
17. Bh4 g5 18. Bf2 O-O 19. Be3 Nd5 20. Nxd5 Bxd5 21. Rf2 Kg7 22. b3 $6 Rc3 23.
Bc1 f6 24. Nd3 Rfc8 25. Ne1 Bd6 26. Bb2 Rh3 {Morsomt å spille dette trekket,,}
27. Nf3 {og dette} Bg3 28. Re2 g4 29. Ne1 Bxh2 {Bedre er Txh2} 30. c4 Bf4+ 31.
Kg1 Be3+ 32. Rxe3 Rxe3 33. cxd5 exd5 {De to tårnene bør ta hjem seier} 34. Kf1
Rce8 35. Rd1 h5 36. Bc1 Re2 37. Nd3 g3 38. Nf4 Rf2+ 39. Kg1 h4 40. Nxd5 {
her er a4 bedre} Rxa2 41. Nf4 Ra1 42. d5 Kf7 43. d6 Rd8 44. Kf1 Rb1 45. Ke2
Rxb3 46. Be3 a5 47. d7 a4 48. Rd6 Ke7 49. Rd2 Rxd7 50. Nd5+ Kf7 51. Bxb6 Rb5
52. Nc3 Rxd2+ 53. Kxd2 Rxb6 54. Nxa4 Rb3 55. Nc5 Rb2+ 0-1

[Event "Landsturneringen 2012"]
[Site "Sandefjord, Vestfold NOR"]
[Date "2012.07.07"]
[Round "1"]
[White "Samskott, Arne"]
[Black "Endresen, Ola Torstein"]
[Result "1/2-1/2"]
[WhiteElo "1122"]
[BlackElo "1240"]
[PlyCount "81"]
[EventDate "2012.07.07"]

1. d4 d5 2. h3 Nf6 3. Nc3 e6 4. a3 c5 5. e3 Nbd7 6. Nf3 cxd4 7. Qxd4 Bc5 8. Qd1
O-O 9. Bd3 e5 10. Bb5 a6 11. Ba4 e4 12. Nd4 b5 13. Bb3 Nb6 14. Ba2 Re8 15. b4
Bf8 16. O-O Nc4 17. Rb1 Qd6 18. a4 Bd7 19. axb5 Rec8 20. bxa6 Rxa6 21. b5 Raa8
22. b6 Nxb6 23. Qe1 Nc4 24. Bxc4 Rxc4 25. Qd2 Qe5 26. Nce2 Bd6 27. Ng3 Nh5 28.
Nde2 Nxg3 29. Nxg3 h5 30. Bb2 Qg5 31. Qe2 h4 32. Qh5 Qxh5 33. Nxh5 f6 34. Bd4
Rxc2 35. Bxf6 Bf8 36. Bxh4 Raa2 37. Rb8 Kf7 38. Rb7 Ke6 39. Nf4+ Kd6 40. Ng6
Kc6 41. Rb8 1/2-1/2

[Event "Landsturneringen 2012"]
[Site "Sandefjord, Vestfold NOR"]
[Date "2012.07.07"]
[Round "1"]
[White "Kringstad, Svein Erik"]
[Black "Garmark, Vegard"]
[Result "0-1"]
[WhiteElo "1065"]
[BlackElo "1249"]
[Annotator "Fritz 11 (30s)"]
[PlyCount "50"]
[EventDate "2012.07.07"]

{C55: Two Knights: 4 d3, 4 d4 exd4 5 e5 and Max Lange Attack} 1. e4 e5 2. Nf3
Nc6 3. Bc4 Be7 4. O-O Nf6 5. Re1 O-O {last book move} 6. c3 {
Prevents intrusion on b4} (6. d4 d6 $14) 6... d6 (6... Nxe4 $142 $5 7. Bd5 Nf6
8. Bxc6 dxc6 9. Nxe5 Be6 $15) 7. d4 $11 exd4 (7... h6 8. h3 $14) 8. cxd4 $14 {
Black has a cramped position} Bg4 {White has a very active position} 9. d5 {
White threatens to win material: d5xc6} Ne5 {
Black threatens to win material: Ne5xc4} 10. Nbd2 (10. Be2 $142 $5 $11 {
and White can hope to live}) 10... Bxf3 $17 (10... Nxc4 $6 11. Nxc4 Nd7 12. Bf4
$14) 11. gxf3 Qd7 (11... Nh5 $142 $5 12. Be2 Bg5 $17) 12. Bf1 $11 Ne8 (12...
Nh5 13. Nb3 Ng6 14. Nd4 $11) 13. Bg2 (13. f4 Ng6 14. f5 Nh4 $16) 13... f5 (
13... Nd3 14. Re3 Nf4 15. Nb3 $11) 14. Nf1 (14. Qb3 f4 $16) 14... Bh4 (14... f4
15. Qb3 $11) 15. Qe2 (15. Ng3 fxe4 16. Rxe4 Bxg3 17. hxg3 Nf6 $14) 15... Qf7 (
15... fxe4 16. Qxe4 g5 17. Ng3 $15) 16. Be3 (16. Ng3 fxe4 17. fxe4 Nf3+ 18.
Bxf3 Qxf3 19. Qxf3 Rxf3 $16) 16... Qg6 (16... fxe4 $142 17. fxe4 Nf6 $11) 17.
h3 $4 {there were better ways to keep up the pressure} (17. f4 $142 Ng4 18.
exf5 Rxf5 19. Ng3 Nxe3 20. Qxe3 $14) 17... fxe4 $19 18. fxe4 Nf3+ 19. Kh1 Nxe1
(19... Qxe4 $4 {it may look tempting but Black must resist capturing the pawn}
20. Nh2 Bg5 21. Bxf3 $18) 20. Rxe1 Nf6 21. Nd2 Rae8 (21... Bg5 22. Bxg5 Qxg5
23. Nf3 $19) 22. Rg1 $17 Qh5 (22... Re7 $142 $17) 23. f3 $4 {
another bit of territory lost} (23. Bf3 $142 Qe5 24. Rg2 $17) 23... Nxe4 $1 {
Deflection: f3.} 24. Nxe4 (24. Nxe4 Rxe4) (24. fxe4 Qxe2 {Pinning} (24... Qxe2
{Deflection})) 24... Rxe4 $1 {Deflection: f3} 25. Rf1 (25. fxe4 Qxe2 {Pinning}
(25... Qxe2 {Deflection})) 25... Rfe8 0-1

[Event "Landsturneringen 2012"]
[Site "Sandefjord, Vestfold NOR"]
[Date "2012.07.08"]
[Round "2"]
[White "Høva, Frode"]
[Black "Ali, Karim"]
[Result "0-1"]
[WhiteElo "1533"]
[BlackElo "1662"]
[PlyCount "160"]
[EventDate "2012.07.07"]

1. Nf3 {[%emt 0:00:00]} Nf6 2. d4 d5 3. g3 {[%emt 0:00:00]} g6 4. Bg2 Bg7 5. c4
c6 6. O-O O-O 7. Nbd2 Nbd7 8. b3 Re8 9. Bb2 e5 10. dxe5 Ng4 11. cxd5 cxd5 12.
e4 Ngxe5 13. Nxe5 Nxe5 14. exd5 Bg4 15. f3 Bf5 16. Bxe5 Bxe5 17. Rc1 Bb2 18.
Ne4 Bxc1 19. Qxc1 Rc8 20. Qb2 Bxe4 21. fxe4 Qe7 22. Kh1 Qe5 23. Qf2 Re7 24.
Qxa7 Rc2 25. Qa4 Qb2 26. Rg1 Qe5 27. Rf1 Qd6 28. Qa5 b6 29. Qa6 Re8 30. Qa7 Rc7
31. Qa6 Rec8 32. Bh3 Re8 33. Bg2 Rec8 34. Bh3 Re8 35. Bg2 Re5 36. Qd3 Re8 37.
Qa6 Rcc8 38. Qa7 Rc7 39. Qa6 Kg7 40. Qd3 Qe5 41. Qb5 Rc2 42. Qxb6 Rxa2 43. Qe3
Ra1 44. Qf3 Rxf1+ 45. Qxf1 Ra8 46. Qf3 Ra1+ 47. Bf1 Qf6 48. Qxf6+ Kxf6 49. Kg2
Ke5 50. Bc4 f6 51. Kf3 h6 52. h4 h5 53. Bd3 Rc1 54. Ke3 Rc3 55. b4 Rb3 56. b5
g5 57. hxg5 fxg5 58. b6 Rxb6 59. Kf2 g4 60. Ke3 Rb3 61. d6 Kxd6 62. Kd4 Ra3 63.
e5+ Ke6 64. Bg6 Ra4+ 65. Ke3 Ra5 66. Kf4 Rxe5 67. Bf7+ Kf6 68. Bg8 Re1 69. Bd5
Rf1+ 70. Ke3 Kg5 71. Bb7 h4 72. gxh4+ Kxh4 73. Ke2 Rf7 74. Bc6 Kg3 75. Bd5 Re7+
76. Kf1 Kh2 77. Bc6 g3 78. Be4 g2+ 79. Bxg2 Rf7+ 80. Ke1 Kxg2 0-1

[Event "Landsturneringen 2012"]
[Site "Sandefjord, Vestfold NOR"]
[Date "2012.07.09"]
[Round "3"]
[White "Carlsen, Ingrid Øen"]
[Black "Høva, Frode"]
[Result "1-0"]
[WhiteElo "1638"]
[BlackElo "1533"]
[PlyCount "71"]
[EventDate "2012.07.07"]

1. e4 d6 2. d4 Nf6 3. Nc3 g6 4. f4 c5 5. Nf3 cxd4 6. Nxd4 Bg7 7. Be2 O-O 8. Be3
Nc6 9. Qd2 Bd7 10. O-O-O Qa5 11. Kb1 Nxd4 12. Bxd4 b5 13. e5 Ng4 14. h3 dxe5
15. fxe5 Nh6 16. g4 b4 17. Ne4 Be6 18. b3 Rfd8 19. Qf4 Rxd4 20. Rxd4 Bxe5 21.
Qxh6 Bxd4 22. Ng5 Bg7 23. Qxh7+ Kf8 24. Nxe6+ fxe6 25. Rf1+ Bf6 26. Qh8+ Kf7
27. Qxa8 Qe5 28. Rxf6+ exf6 29. Qxa7+ Kg8 30. Qa8+ Kg7 31. Qa7+ Kg8 32. Qf2 Qc3
33. Bc4 Kg7 34. Bxe6 Qxh3 35. Qa7+ Kf8 36. Qf7# 1-0

[Event "Landsturneringen 2012"]
[Site "Sandefjord, Vestfold NOR"]
[Date "2012.07.09"]
[Round "3"]
[White "Berntsen-Øybø, August"]
[Black "Garmark, Vegard"]
[Result "1-0"]
[WhiteElo "1112"]
[BlackElo "1249"]
[Annotator "Fritz 11 (30s)"]
[PlyCount "125"]
[EventDate "2012.07.07"]

{B01: Scandinavian Defence} 1. e4 d5 2. exd5 c6 3. dxc6 Nxc6 4. Nf3 {
last book move} Nf6 5. Bb5 Qb6 6. Nc3 a6 7. Ba4 Bg4 8. O-O e6 9. a3 {
White's piece can't move: c1} (9. h3 Bxf3 10. Qxf3 O-O-O $16) 9... Be7 (9...
Bd6 10. h3 Bh5 11. d3 $14) 10. Bxc6+ Qxc6 11. Ne5 (11. d4 $5 $14 {
should be considered}) 11... Bxd1 $11 12. Nxc6 bxc6 (12... Bxc2 $142 $5 {
and Black can hope to live} 13. Nxe7 Kxe7 $11) 13. Rxd1 $16 O-O 14. d3 Nd5 15.
Ne4 h6 16. b4 (16. c4 Nf6 $16) 16... f5 {Black threatens to win material: f5xe4
} 17. Nc5 {The knight dominates} Bf6 18. d4 e5 19. Bb2 e4 20. Nd7 Rfd8 21.
Nxf6+ Nxf6 22. g3 Kf7 23. Kg2 Ke7 24. c4 Rab8 25. Bc3 Rd6 (25... g5 26. Rh1 $16
) 26. f3 (26. d5 Rbd8 27. dxc6 Rxd1 $18) 26... g5 (26... Re8 27. fxe4 Nxe4 28.
Bb2 $16) 27. Re1 (27. d5 $142 $16) 27... a5 $2 (27... Rd7 28. Re2 Kf7 29. fxe4
Nxe4 30. Bb2 $16) 28. Rad1 (28. bxa5 $142 $5 Kd8 29. Rab1 Ra8 $18) 28... Rdd8
29. fxe4 Nxe4 30. g4 $4 {
White threatens to win material: g4xf5. releasing the pressure on the opponent}
(30. bxa5 Rb3 31. Bb4+ Kf7 $18) 30... Kf6 (30... Kf7 $142 {
would keep Black alive} 31. Ba1 axb4 32. gxf5 Nd6 33. axb4 Rxb4 $11) 31. Ba1
$18 axb4 32. axb4 (32. d5+ $142 $5 Kg6 33. dxc6 Rxd1 34. Rxd1 bxa3 35. gxf5+
Kxf5 36. Rd5+ Ke6 37. c7 $18) 32... Rxb4 $11 33. d5+ {White wins space} Kg6 (
33... Kf7 34. dxc6 Rxd1 35. Rxd1 Rxc4 (35... fxg4 $4 {
taking the pawn will cause Black grave problems} 36. Rd4 Rb6 37. Rxe4 Rxc6 38.
Rxg4 $18) 36. Rd7+ Ke6 37. gxf5+ Kxf5 $11) 34. gxf5+ $16 ({Weaker is} 34. dxc6
Rxd1 35. Rxd1 Rxc4 36. gxf5+ Kxf5 $11) 34... Kxf5 35. Rf1+ (35. Rd4 $5 cxd5 36.
Rexe4 dxe4 37. Rxd8 Rxc4 38. Kg3 $16) 35... Kg4 $11 36. dxc6 Rxd1 37. Rxd1 Rxc4
38. Rd4 (38. h3+ Kf4 39. Rf1+ Ke3 40. Rf3+ Ke2 $11) 38... Rxd4 {
Sacrifices material} (38... Rc2+ $142 $5 39. Kf1 Kf3 40. Rd3+ Kf4 $17) 39. Bxd4
$11 {A minor pieces endgame occured} Nd6 40. Be5 {
White threatens to win material: Be5xd6} Nc8 41. h3+ Kf5 42. Bg3 h5 43. h4 gxh4
44. Bxh4 Kg4 45. Bd8 h4 46. c7 h3+ 47. Kh2 Nb6 48. Be7 Nc8 {
Blocks the pawn on c7} 49. Bc5 Kf5 50. Kxh3 Ke6 51. Bf2 Kd6 {
Black threatens to win material: Kd6xc7} 52. Bg3+ Kd7 53. Kg4 Ke6 54. Kf3 Kd7
55. Ke4 Ke6 56. Kd4 Kd7 57. Kd5 Ne7+ 58. Kc5 Nc6 59. Kb5 Na7+ 60. Kb6 {
White threatens to win material: Kb6xa7} Nc8+ $4 {overlooking an easy win} (
60... Nc6 $142 $11 {was necessary}) 61. Kb7 Ne7 62. Bf2 Nc8 (62... Kd6 {
doesn't change anything anymore} 63. Bh4 Ng6 64. c8=Q Ke5 65. Qc3+ Kf5 66. Qf6+
Kg4 67. Qg5+ Kf3 68. Qxg6 Ke2 69. Qe4+ Kd2 70. Bf6 Kd1 71. Bc3 Kc1 72. Qe2 Kb1
73. Qb2#) 63. Bc5 1-0

[Event "Landsturneringen 2012"]
[Site "Sandefjord, Vestfold NOR"]
[Date "2012.07.09"]
[Round "4"]
[White "Høva, Frode"]
[Black "Hovden, Hans"]
[Result "1-0"]
[WhiteElo "1533"]
[BlackElo "1563"]
[Annotator "Frode Høva"]
[PlyCount "37"]
[EventDate "2012.07.07"]

1. Nf3 f5 2. g3 Nf6 3. Bg2 d5 4. O-O e6 5. c4 c6 6. d3 Bd6 7. cxd5 exd5 8. Nc3
O-O 9. e4 fxe4 10. dxe4 Nxe4 11. Nxe4 dxe4 12. Qb3+ Kh8 13. Ng5 Qe7 14. Nxe4
Be6 15. Qc3 {
Fra meg var dette forberett mot hollansk spiller, Lb4 er greit for sort.} Bd5
16. Bg5 Qe6 17. Nxd6 Bxg2 {Sort spiller trodde dette var ok men?} 18. Rfe1 $1
Qd5 19. Bh6 {1-0 Sort spiller kunne kanskje spilt videre, men tror han følte
seg utspilt fra tekk 12.. Normalt liker han og kose seg bak stonwall formasjon
og angripe på konge fløyen, men sånn gikk det ikke.} 1-0

[Event "Landsturneringen 2012"]
[Site "Sandefjord, Vestfold NOR"]
[Date "2012.07.10"]
[Round "5"]
[White "Andersen, Jonatan M"]
[Black "Høva, Frode"]
[Result "1-0"]
[WhiteElo "1638"]
[BlackElo "1533"]
[PlyCount "81"]
[EventDate "2012.07.07"]

1. e4 c5 2. Nf3 d6 3. d4 cxd4 4. Nxd4 Nf6 5. Nc3 e6 6. Bg5 Nc6 7. f4 a6 8. Nxc6
bxc6 9. e5 h6 10. Bh4 g5 11. fxg5 Nd5 12. Nxd5 cxd5 13. Qh5 Be7 14. exd6 Qxd6
15. O-O-O Qe5 16. Re1 hxg5 17. Qf3 Qd4 18. Bf2 Qa4 19. Qc3 Rh6 20. b3 Bf6 21.
Qc5 Qd7 22. Bd3 Bb7 23. Bd4 Be7 24. Qa5 Rh4 25. Bb2 Bb4 26. Qb6 Bxe1 27. Rxe1
Rxh2 28. Qf2 d4 29. Bxd4 Rxg2 30. Qf6 Qe7 31. Qh8+ Kd7 32. Qe5 Rc8 33. Qa5 Qd6
34. Rd1 Ke7 35. Bc3 Qc6 36. Qb4+ Ke8 37. Bc4 Rf2 38. Bg7 Rxc2+ 39. Kxc2 Qg2+
40. Rd2 Be4+ 41. Kb2 1-0

[Event "Landsturneringen 2012"]
[Site "Sandefjord, Vestfold NOR"]
[Date "2012.07.11"]
[Round "6"]
[White "Høva, Frode"]
[Black "Syvertsen, Rolf E"]
[Result "1-0"]
[WhiteElo "1533"]
[BlackElo "1625"]
[PlyCount "47"]
[EventDate "2012.07.07"]

1. Nf3 d5 2. g3 Nf6 3. Bg2 e6 4. O-O Be7 5. d4 O-O 6. c4 b6 7. Nc3 Bb7 8. cxd5
exd5 9. Bf4 Na6 10. Qd3 c5 11. Rfd1 Nb4 12. Qf5 g6 13. Qb1 Re8 14. Qc1 Rc8 15.
Bh3 Ra8 16. Nb5 Na6 17. Ne5 Bf8 18. Bg5 Bg7 19. Qf4 Nb8 20. Ng4 Nh5 21. Qc7
Qxc7 22. Nxc7 Bxd4 23. Nxe8 Nd7 24. Nh6+ 1-0